000
00274nam a2200133Ia 4500
100
_a
Bhandarkar/ B.G.
942
_c
BK
654
_a
Physics
245
_a
Applied Physics
260
_b
Mc Graw Hill
_a
Auckland
_c
1985
082
_a
530
300
_a
1077
546
_a
ENGLISH
999
_c
35068
_d
35068